Normal view
MARC view
Entry Topical Term
001 - CONTROL NUMBER
- control field: 46206
003 - CONTROL NUMBER IDENTIFIER
- control field: dpl
005 - DATE AND TIME OF LATEST TRANSACTION
- control field: 20120502124902.0
008 - FIXED-LENGTH DATA ELEMENTS
- fixed length control field: 120502|||a|||||| | ||| d
040 ## - CATALOGING SOURCE
- Original cataloging agency: dpl
- Transcribing agency: dpl
150 ## - HEADING--TOPICAL TERM
- Topical term or geographic name as entry element: Stochastic processes
670 ## - SOURCE DATA FOUND
- Source citation: Work cat.: (dpl): Pugalarasu, R. 46187, Probability and random processes / , 2012
670 ## - SOURCE DATA FOUND
- Source citation: Work cat.: (dpl): Pugalarasu, R. 46187, Probability and random processes / , 2012
